<?xml version="1.0" encoding="UTF-8"?>
<marc:record xmlns:marc="http://www.loc.gov/MARC21/slim">
   <marc:leader>00000nam a2200000 a 4500</marc:leader>
   <marc:datafield ind1=" " ind2=" " tag="653">
      <marc:subfield code="a">Ninja</marc:subfield>
   </marc:datafield>
   <marc:datafield ind1=" " ind2=" " tag="653">
      <marc:subfield code="a">Abenteuer</marc:subfield>
   </marc:datafield>
   <marc:datafield ind1=" " ind2=" " tag="653">
      <marc:subfield code="a">Patchwork-Familie</marc:subfield>
   </marc:datafield>
   <marc:datafield ind1="0" ind2="0" tag="245">
      <marc:subfield code="a">Der karierte Ninja 2</marc:subfield>
   </marc:datafield>
   <marc:datafield ind1=" " ind2="1" tag="264">
      <marc:subfield code="a">Hamburg</marc:subfield>
      <marc:subfield code="b">WVG Medien</marc:subfield>
      <marc:subfield code="c">2022</marc:subfield>
   </marc:datafield>
   <marc:datafield ind1="1" ind2=" " tag="520">
      <marc:subfield code="a">Der karierte Ninja ist zurück! Diesmal verschlägt es die rotzfreche Stoffpuppe zusammen mit ihrem menschlichen Kumpel Alex nach Thailand, wo der Fiesling Eppermint aus dem Knast entkommen ist. Um ihn erneut aufzuspüren und ihm ein für alle Mal das Handwerk zu legen, müssen sie wieder jede Menge rasante Verfolgungsjagden, brenzlige Situationen und wilde Abenteuer überstehen. Mit von der Partie ist auch diesmal Alex merkwürdige Patchworkfamilie: Sein nerviger Stiefbruder, sein dämlicher Stiefvater, seine verstrahlte Mutter und sein versoffener Onkel stolpern von einem Fettnäpfchen ins nächste und bescheren dem Teenager wieder reichlich unangenehme Fremdschämmomente. Was gibt es Schöneres als einen entspannten Familienurlaub?</marc:subfield>
   </marc:datafield>
   <marc:datafield ind1=" " ind2=" " tag="020">
      <marc:subfield code="a">4013549131544</marc:subfield>
      <marc:subfield code="9">4013549131544</marc:subfield>
   </marc:datafield>
   <marc:datafield ind1="0" ind2=" " tag="490">
      <marc:subfield code="v">0</marc:subfield>
   </marc:datafield>
   <marc:datafield ind1=" " ind2=" " tag="300">
      <marc:subfield code="a">1 DVD (PAL, Ländercode 2) ca. 84 Min.</marc:subfield>
   </marc:datafield>
</marc:record>
